000 00589nam a2200205 a 4500
001 BRCA_210
005 20190320202923.0
008 930126s1985 mx-a---##b---#000-0#eng-d
020 _a9687180196
041 _aeng
044 _amx
050 4 _aNA759.B36
_b.L85 1985
245 1 0 _aLuis Barragán
_bensayos y apuntes para un bosquejo crítico.
260 _a[México]
_bMuseo Rufino Tamayo,
_cc1985
300 _a131 p.
_bil.
_c29 cm.
500 _aBibliografia: p. 127-128
600 1 4 _aBarragán, Luis
_d1902-1988
_9731
650 1 4 _aArquitectos
_ySiglo XX
_zMéxico
_9732
942 _2lcc
_cB
999 _c171
_d171